Temporal - Porção petrosa faces inferiores - Statistics

Estatísticas Gerais
  • Esse quiz foi jogado 10 vezes
  • A pontuação média é 5 de 10
Estatísticas das Respostas
Hint Porção/Face Resposta % Correto
3 Face póstero-inferior/Porção média Fossa jugular
100%
1 Face póstero-inferior/Porção lateral Processo estilóide
75%
4 Face póstero-inferior/Porção média Canalículo mastoideu
50%
9 Face ântero-inferior Forame de abertura do canal do músculo tensor do tímpano
50%
10 Face ântero-inferior Forame de abertura do canal ósseo da tuba auditiva
50%
2 Face póstero-inferior/Porção lateral Forame estilo-mastoideu
50%
5 Face póstero-inferior/Porção medial Forame inferior do canal carotidiano
50%
6 Face póstero-inferior/Porção medial Forame inferior do canal timpânico
50%
7 Margem inferior Bainha do processo estilóide
25%
8 Face ântero-inferior Processo tubário do osso timpanal
0%
Nenhum quiz correspondente encontrado
Distribuição das Pontuações
Porcentagem de Pessoas com Cada Pontuação
Percentil de Números Respondidos
Sua Pontuação Histórica
Você não jogou esse quiz